[Event "Philadelphia Open"]
[Site "Philadelphia, PA"]
[Date "2011.04.24"]
[Round "8"]
[White "Veech, John"]
[Black "Kiewra, Keaton"]
[Result "1/2-1/2"]
[WhiteElo "2108"]
[BlackElo "2380"]
[PlyCount "102"]
[EventDate "2011.04.??"]
[EventType "swiss"]
[EventRounds "9"]
[EventCountry "USA"]
[Source "MonRoi"]

1. d4 Nf6 2. c4 g6 3. g3 Bg7 4. Bg2 d5 5. cxd5 Nxd5 6. Nf3 O-O 7. O-O Nb6 8.
Nc3 Nc6 9. e3 e5 10. d5 Ne7 11. e4 Bg4 12. h3 Bxf3 13. Qxf3 c6 14. Rd1 cxd5 15.
exd5 Nf5 16. d6 Rb8 17. Be3 Nd4 18. Bxd4 exd4 19. Nb5 Nc4 20. Qb3 Na5 21. Qa4
Nc6 22. Bxc6 bxc6 23. Nxd4 Rxb2 24. Nxc6 Qb6 25. Rf1 Rxf2 26. Rxf2 Bxa1 27. Kg2
Qc5 28. Rd2 Bc3 29. Rd3 Bf6 30. Qe4 Qc2+ 31. Kf3 Qh2 32. Rd1 Qxh3 33. d7 Qh5+
34. g4 Qh3+ 35. Kf2 Qh2+ 36. Qg2 Qh4+ 37. Qg3 Qg5 38. Qf3 Bd8 39. Rd5 Qh4+ 40.
Kg2 h6 41. Re5 Bc7 42. Re8 Qh2+ 43. Kf1 Qb2 44. Qd5 Qc1+ 45. Ke2 Qc2+ 46. Kf3
Qc3+ 47. Ke2 Qb2+ 48. Kf1 Qb1+ 49. Ke2 Qc2+ 50. Kf3 Qc3+ 51. Ke2 Qc2+ 1/2-1/2

[Event "Philadelphia Open"]
[Site "Philadelphia, PA"]
[Date "2011.04.24"]
[Round "8"]
[White "Fan, Yun"]
[Black "Ostrovskiy, Aleksandr"]
[Result "0-1"]
[WhiteElo "2064"]
[BlackElo "2295"]
[PlyCount "116"]
[EventDate "2011.04.??"]
[EventType "swiss"]
[EventRounds "9"]
[EventCountry "USA"]
[Source "MonRoi"]

1. e4 c6 2. d4 d5 3. exd5 cxd5 4. Bd3 Nc6 5. c3 Qc7 6. Ne2 Bg4 7. h3 Bxe2 8.
Qxe2 Nxd4 9. Qd1 Nc6 10. O-O e6 11. Be3 Nf6 12. Nd2 Nd7 13. Rc1 g6 14. Bb1 Bg7
15. Nf3 O-O 16. Qd2 Nce5 17. Nxe5 Nxe5 18. b3 Nc6 19. Bh6 Rfe8 20. Bxg7 Kxg7
21. Rfe1 Rad8 22. b4 e5 23. Qb2 b5 24. a4 a6 25. axb5 axb5 26. Ba2 Qb6 27. Re3
d4 28. cxd4 Rxd4 29. Qe2 Nxb4 30. Bb3 f6 31. Rec3 Red8 32. Qe3 Qd6 33. Rc7+ Rd7
34. Rc8 Nd5 35. Qe2 Ne7 36. R8c5 b4 37. Qb5 Rd2 38. Qc4 Qd4 39. Qf7+ Kh6 40.
Qxf6 Qf4 41. Qxf4+ exf4 42. Rb5 Rb2 43. Rxb4 Rdd2 44. Rb7 Nf5 45. Rcc7 Rxf2 46.
Rxh7+ Kg5 47. h4+ Kg4 48. Bd5 Kg3 49. Rxb2 Rxb2 50. Rb7 Rd2 51. Bf3 Rc2 52. Rb1
Nxh4 53. Be4 Re2 54. Bc6 Nxg2 55. Bxg2 Rxg2+ 56. Kf1 Rf2+ 57. Kg1 Rc2 58. Kf1
g5 0-1

[Event "Philadelphia Open"]
[Site "Philadelphia, PA"]
[Date "2011.04.24"]
[Round "8"]
[White "Hua, David"]
[Black "Aliyev, Timur"]
[Result "1-0"]
[WhiteElo "2013"]
[BlackElo "2280"]
[PlyCount "165"]
[EventDate "2011.04.??"]
[EventType "swiss"]
[EventRounds "9"]
[EventCountry "USA"]
[Source "MonRoi"]

1. e4 c5 2. Nf3 Nc6 3. d4 cxd4 4. Nxd4 g6 5. c4 Nf6 6. Nc3 d6 7. Be2 Nxd4 8.
Qxd4 Bg7 9. Be3 O-O 10. Qd2 Be6 11. Rc1 Qa5 12. f3 Rfc8 13. b3 Rc6 14. Nd5 Qd8
15. Bg5 Rac8 16. O-O a6 17. Rfd1 Qf8 18. Nb4 Rc5 19. Be3 R5c7 20. Nd5 Rc6 21.
Nb4 R6c7 22. Nd5 Bxd5 23. cxd5 Nd7 24. Rxc7 Rxc7 25. Rc1 Qc8 26. Rxc7 Qxc7 27.
Qc1 Qxc1+ 28. Bxc1 Bd4+ 29. Kf1 Nc5 30. Ba3 Nd7 31. Bd3 h5 32. Ke2 Kg7 33. Bc1
Kf6 34. h4 Kg7 35. g3 Ne5 36. Bf4 Nd7 37. Be3 Bb2 38. Bg5 Kf8 39. Be3 Ke8 40.
f4 Nf6 41. Kf3 Bc3 42. a4 Kd7 43. Bf1 Be1 44. Bd4 Ne8 45. Bh3+ Kc7 46. Bf1 Ba5
47. Be2 Bb6 48. Bc3 Kd8 49. g4 hxg4+ 50. Kxg4 Be3 51. Bd3 Kc7 52. e5 Kb6 53. e6
fxe6 54. Bxg6 Nc7 55. dxe6 Nxe6 56. f5 Nd4 57. Bf7 Kc5 58. b4+ Kc6 59. h5 d5
60. h6 Nxf5 61. Kxf5 Bxh6 62. Bd4 Bd2 63. Be8+ Kc7 64. b5 Kd6 65. Bf7 Bb4 66.
Be6 Bd2 67. b6 Bb4 68. Bc8 e6+ 69. Kf6 Bc5 70. Be5+ Kc6 71. Kxe6 Bxb6 72. Bd6
Bd8 73. Bd7+ Kb6 74. Kxd5 Ka5 75. Kc5 b5 76. Bxb5 axb5 77. axb5 Bb6+ 78. Kc6
Bf2 79. Bc5 Bg3 80. b6 Ka6 81. b7 Bf4 82. Bb6 Bb8 83. Bd8 1-0

[Event "Philadelphia Open"]
[Site "Philadelphia, PA"]
[Date "2011.04.24"]
[Round "8"]
[White "Klings, Peter"]
[Black "Cao, Kevin"]
[Result "1/2-1/2"]
[WhiteElo "2164"]
[BlackElo "2103"]
[PlyCount "54"]
[EventDate "2011.04.??"]
[EventType "swiss"]
[EventRounds "9"]
[EventCountry "USA"]
[Source "MonRoi"]

1. e4 e5 2. Bc4 Nf6 3. d3 Bc5 4. Nf3 d6 5. O-O O-O 6. c3 Nc6 7. a4 a5 8. Nbd2
Ne7 9. Re1 Ng6 10. Nf1 c6 11. Be3 Bxe3 12. Nxe3 d5 13. Ba2 Be6 14. exd5 cxd5
15. d4 e4 16. Ne5 Qd6 17. Nxg6 fxg6 18. Qe2 Rf7 19. Rac1 Rc8 20. Rc2 Kh8 21.
Rd2 Rfc7 22. c4 dxc4 23. d5 Bg8 24. Bxc4 Qb4 25. b3 Rd8 26. Red1 Rcd7 27. Rd4
Rd6 1/2-1/2

[Event "Philadelphia Open"]
[Site "Philadelphia, PA"]
[Date "2011.04.24"]
[Round "8"]
[White "Alvarez, Tirso"]
[Black "Richman, Jonathan"]
[Result "0-1"]
[WhiteElo "1620"]
[BlackElo "2021"]
[PlyCount "72"]
[EventDate "2011.04.??"]
[EventType "swiss"]
[EventRounds "9"]
[EventCountry "USA"]
[Source "MonRoi"]

1. e4 c5 2. Nf3 d6 3. d4 cxd4 4. Nxd4 Nf6 5. Nc3 g6 6. Be2 Bg7 7. Be3 O-O 8.
O-O Nc6 9. Kh1 a6 10. f4 Qc7 11. Nb3 b5 12. a3 Bb7 13. Bf3 Rfd8 14. Nd5 Nxd5
15. exd5 Na5 16. Nxa5 Qxa5 17. Bd4 Qa4 18. Bxg7 Kxg7 19. Qd2 Qc4 20. b3 Qc5 21.
f5 Rac8 22. Be4 Qc3 23. Rad1 Qxd2 24. Rxd2 Rc3 25. fxg6 hxg6 26. Rf3 Rdc8 27.
h3 a5 28. Rxc3 Rxc3 29. Rd4 f5 30. Bd3 Kf6 31. Bxb5 Rxc2 32. Bc4 Rc1+ 33. Kh2
Ra1 34. a4 Ke5 35. Rd2 Re1 36. g3 Re4 0-1

[Event "Philadelphia Open"]
[Site "Philadelphia, PA"]
[Date "2011.04.24"]
[Round "9"]
[White "Stocek, Jiri"]
[Black "Gelashvili, Tamaz"]
[Result "1/2-1/2"]
[WhiteElo "2580"]
[BlackElo "2596"]
[PlyCount "77"]
[EventDate "2011.04.??"]
[EventType "swiss"]
[EventRounds "9"]
[EventCountry "USA"]
[Source "MonRoi"]

1. d4 d6 2. Nf3 g6 3. c4 Bg7 4. Nc3 Bg4 5. e3 Nf6 6. Be2 O-O 7. O-O Re8 8. h3
Bf5 9. b4 c5 10. Ba3 cxb4 11. Bxb4 Nc6 12. Ba3 Rc8 13. Rc1 Ne4 14. Nxe4 Bxe4
15. Nd2 Bf5 16. Nb3 Na5 17. Qd2 Nxb3 18. axb3 a5 19. Rfd1 b6 20. Bf3 Rc7 21. b4
axb4 22. Qxb4 Qb8 23. Bb2 Rec8 24. Rc3 Bd7 25. Ra1 Ra7 26. Rxa7 Qxa7 27. Rb3
Be6 28. d5 Bxb2 29. Rxb2 Bf5 30. e4 Bd7 31. Qxb6 Qxb6 32. Rxb6 Rxc4 33. Rb7 Ba4
34. Rxe7 Kf8 35. Ra7 Bc2 36. Rd7 Bxe4 37. Bxe4 Rxe4 38. Rxd6 Rd4 39. Rd7
1/2-1/2

[Event "Philadelphia Open"]
[Site "Philadelphia, PA"]
[Date "2011.04.24"]
[Round "9"]
[White "Perelshteyn, Eugene"]
[Black "Becerra Rivero, Julio"]
[Result "1/2-1/2"]
[WhiteElo "2533"]
[BlackElo "2549"]
[PlyCount "79"]
[EventDate "2011.04.??"]
[EventType "swiss"]
[EventRounds "9"]
[EventCountry "USA"]
[Source "MonRoi"]

1. d4 Nf6 2. c4 g6 3. Nc3 Bg7 4. e4 d6 5. Nf3 O-O 6. Be2 e5 7. Be3 Ng4 8. Bg5
f6 9. Bh4 g5 10. Bg3 Nh6 11. dxe5 dxe5 12. Qd5+ Nf7 13. Qxd8 Rxd8 14. h4 c6 15.
hxg5 fxg5 16. Nd2 Na6 17. O-O-O Nc5 18. Nf1 Rxd1+ 19. Kxd1 Ne6 20. Ne3 Nf4 21.
Bf3 Be6 22. Kc2 Rd8 23. a3 Bf8 24. Bg4 Bxg4 25. Nxg4 Kg7 26. Ne3 Kg6 27. b4 h5
28. f3 a5 29. Rb1 axb4 30. axb4 Nd3 31. Na2 Ra8 32. Kxd3 Rxa2 33. Nc2 Kf6 34.
Kc3 Ra8 35. Rd1 Ke6 36. Bf2 Be7 37. Rh1 h4 38. Kb3 Rd8 39. Kc3 Nh8 40. Bb6
1/2-1/2

[Event "Philadelphia Open"]
[Site "Philadelphia, PA"]
[Date "2011.04.24"]
[Round "9"]
[White "Matamoros Franco, Carlos S"]
[Black "Lapshun, Yury"]
[Result "1-0"]
[WhiteElo "2549"]
[BlackElo "2438"]
[PlyCount "76"]
[EventDate "2011.04.??"]
[EventType "swiss"]
[EventRounds "9"]
[EventCountry "USA"]
[Source "MonRoi"]

1. c4 e5 2. g3 Nf6 3. Bg2 d5 4. cxd5 Nxd5 5. Nf3 Nc6 6. O-O Be7 7. d4 e4 8. Ne5
f5 9. Nxc6 bxc6 10. Nd2 O-O 11. Nb3 Be6 12. Bd2 Nb6 13. Qc2 Nc4 14. e3 Nxd2 15.
Nxd2 Bd5 16. Nc4 a5 17. Rfc1 c5 18. dxc5 Bxc5 19. Rd1 c6 20. Ne5 Qd6 21. Nd7
Qxd7 22. Qxc5 Rfb8 23. b3 Qa7 24. Qc3 a4 25. b4 a3 26. Bf1 Qf7 27. Rd4 Ra4 28.
Rad1 h6 29. Bc4 Bxc4 30. Rxc4 Kh7 31. Rxc6 Raxb4 32. Rc7 Qg6 33. Qxa3 Qg4 34.
Rf1 Rb2 35. Qa7 Rb1 36. Rcc1 R1b2 37. Qf7 Rd2 38. Rc5 Rd1 1-0

[Event "Philadelphia Open"]
[Site "Philadelphia, PA"]
[Date "2011.04.24"]
[Round "9"]
[White "Bryant, John"]
[Black "Amanov, Mesgen"]
[Result "0-1"]
[WhiteElo "2418"]
[BlackElo "2495"]
[PlyCount "136"]
[EventDate "2011.04.??"]
[EventType "swiss"]
[EventRounds "9"]
[EventCountry "USA"]
[Source "MonRoi"]

1. e4 c5 2. c3 d6 3. d4 Nf6 4. Bd3 g6 5. h3 Bg7 6. Nf3 O-O 7. O-O Qc7 8. Be3 b6
9. Re1 Bb7 10. Nbd2 Nbd7 11. a4 e5 12. d5 h6 13. a5 Nh5 14. Nc4 b5 15. a6 bxc4
16. axb7 Qxb7 17. Bxc4 Rfb8 18. Ra2 Kh7 19. Qc2 Nb6 20. Bf1 Qd7 21. Ra5 Nc8 22.
Rea1 Kg8 23. Bc1 f5 24. Nd2 Nf6 25. Bc4 h5 26. Qd3 Ne7 27. Bb5 Qc7 28. c4 Bh6
29. exf5 gxf5 30. Qa3 Rb7 31. Ne4 Nxe4 32. Bxh6 Kh7 33. Bc1 Qd8 34. Qf3 Kg6 35.
Ra6 Nf6 36. Qg3+ Kf7 37. Qg5 f4 38. Ba4 Qc7 39. Bd1 Rh8 40. R1a3 Qb8 41. Bxf4
exf4 42. Rf3 Ng6 43. Bc2 Rg8 44. Bxg6+ Rxg6 45. Qxf4 Rd7 46. Re3 Qxb2 47. Re6
Kg7 48. g3 Qd4 49. Qxd4 cxd4 50. Raxd6 Rxd6 51. Rxd6 d3 52. Ra6 Ne4 53. Rxa7+
Kf6 54. Ra3 Nc5 55. Ra5 Ke5 56. Rxc5 Kd4 57. Ra5 d2 58. Ra1 Kxc4 59. Kf1 Ra6
60. Rd1 Kd3 61. f4 Ke3 62. f5 Rd6 63. g4 h4 64. Kg2 Rxd5 65. f6 Rd4 66. Rf1
d1=Q 67. Rxd1 Rxd1 68. f7 Rd2+ 0-1

[Event "Philadelphia Open"]
[Site "Philadelphia, PA"]
[Date "2011.04.24"]
[Round "9"]
[White "Milman, Lev"]
[Black "Aaron, Deepak"]
[Result "1-0"]
[WhiteElo "2462"]
[BlackElo "2253"]
[PlyCount "67"]
[EventDate "2011.04.??"]
[EventType "swiss"]
[EventRounds "9"]
[EventCountry "USA"]
[Source "MonRoi"]

1. d4 d5 2. c4 c6 3. Nf3 Nf6 4. Nc3 dxc4 5. a4 Bf5 6. e3 e6 7. Bxc4 Bb4 8. O-O
Nbd7 9. Qe2 O-O 10. e4 Bg6 11. e5 Nd5 12. Bd2 Be7 13. Rfd1 Rc8 14. h3 Re8 15.
Bd3 Nf8 16. Ne4 Bxe4 17. Qxe4 c5 18. dxc5 Rxc5 19. b4 Rc7 20. Bc4 a6 21. a5 Rd7
22. Bb3 b5 23. axb6 Nxb6 24. Rxa6 Qb8 25. Nd4 Nd5 26. Ba4 Nxb4 27. Bxb4 Qxb4
28. Bxd7 Nxd7 29. Qc6 Rd8 30. Nxe6 fxe6 31. Qxe6+ Kh8 32. Rxd7 Rc8 33. Ra1 Bc5
34. Qf7 1-0

[Event "Philadelphia Open"]
[Site "Philadelphia, PA"]
[Date "2011.04.24"]
[Round "9"]
[White "Stopa, Jacek"]
[Black "Mulyar, Michael"]
[Result "1/2-1/2"]
[WhiteElo "2453"]
[BlackElo "2396"]
[PlyCount "133"]
[EventDate "2011.04.??"]
[EventType "swiss"]
[EventRounds "9"]
[EventCountry "USA"]
[Source "MonRoi"]

1. e4 e5 2. Nf3 Nc6 3. Bc4 Bc5 4. b4 Bxb4 5. c3 Ba5 6. d4 d6 7. Qb3 Qd7 8. O-O
Bb6 9. dxe5 Na5 10. Qb4 Nxc4 11. Qxc4 Qe6 12. Qxe6+ Bxe6 13. exd6 cxd6 14. Nd4
Nf6 15. Nd2 O-O-O 16. a4 Bc5 17. Ba3 Rhe8 18. f3 Nd7 19. a5 Ne5 20. Rfd1 g5 21.
Kf1 Bxa3 22. Rxa3 Bc4+ 23. Kg1 d5 24. Ra4 Bd3 25. Re1 Ng6 26. a6 Bxa6 27. Nc6
Rd6 28. Nb4 f5 29. Nxa6 Rxa6 30. Rxa6 bxa6 31. Kf2 fxe4 32. fxe4 Nf4 33. Re3
Rf8 34. Kg3 dxe4 35. Nxe4 h6 36. Nd6+ Kd7 37. Nc4 Rf5 38. Ne5+ Kd6 39. Nf3 Rf8
40. h4 gxh4+ 41. Nxh4 a5 42. c4 Kc5 43. Re5+ Kxc4 44. Rxa5 Ne2+ 45. Kg4 Rf4+
46. Kh5 Ng3+ 47. Kxh6 Rxh4+ 48. Kg6 Rg4+ 49. Kh7 Ne4 50. Rxa7 Rxg2 51. Rg7 Rh2+
52. Kg6 Kd5 53. Ra7 Ke6 54. Ra6+ Nd6 55. Kg5 Ke5 56. Ra5+ Ke6 57. Kf4 Rh4+ 58.
Kg3 Nf5+ 59. Kf3 Nd4+ 60. Ke3 Nf5+ 61. Kd3 Rh3+ 62. Ke4 Rh5 63. Kf4 Rh4+ 64.
Kf3 Rd4 65. Ra6+ Ke5 66. Ra5+ Ke6 67. Ra6+ 1/2-1/2

[Event "Philadelphia Open"]
[Site "Philadelphia, PA"]
[Date "2011.04.24"]
[Round "9"]
[White "Kekelidze, Mikheil"]
[Black "Gorman, Dov"]
[Result "0-1"]
[WhiteElo "2460"]
[BlackElo "2292"]
[PlyCount "69"]
[EventDate "2011.04.??"]
[EventType "swiss"]
[EventRounds "9"]
[EventCountry "USA"]
[Source "MonRoi"]

1. e4 c5 2. Nf3 d6 3. d4 cxd4 4. Nxd4 Nf6 5. Nc3 g6 6. Be3 Bg7 7. f3 Nc6 8. Qd2
O-O 9. Bc4 Bd7 10. O-O-O Qc7 11. Bb3 Rfc8 12. h4 Na5 13. h5 Nc4 14. Bxc4 Qxc4
15. Kb1 b5 16. hxg6 fxg6 17. g4 b4 18. Nce2 a5 19. Ng3 a4 20. g5 Ne8 21. Qd3
Qf7 22. f4 Rc4 23. f5 Rac8 24. a3 bxa3 25. Qxa3 Be5 26. Rh3 d5 27. fxg6 hxg6
28. Ngf5 gxf5 29. exf5 Bxf5 30. g6 Bxg6 31. Rg1 Bxd4 32. Bxd4 Rxd4 33. Rhg3 Rc6
34. Qe3 Re4 35. Qg5 0-1

[Event "Philadelphia Open"]
[Site "Philadelphia, PA"]
[Date "2011.04.24"]
[Round "9"]
[White "Yeager, Daniel A"]
[Black "Bartholomew, John"]
[Result "1/2-1/2"]
[WhiteElo "2289"]
[BlackElo "2442"]
[PlyCount "47"]
[EventDate "2011.04.??"]
[EventType "swiss"]
[EventRounds "9"]
[EventCountry "USA"]
[Source "MonRoi"]

1. Nf3 Nf6 2. c4 c5 3. Nc3 e6 4. e3 Be7 5. d4 cxd4 6. exd4 O-O 7. Bd3 d5 8.
cxd5 Nxd5 9. O-O Nc6 10. a3 h6 11. Bc2 f5 12. Re1 Bf6 13. Bb3 Nce7 14. Qd3 Bd7
15. Bd2 a5 16. Rac1 Kh7 17. Nxd5 exd5 18. Bf4 Bc6 19. Be5 Ng6 20. Bxf6 Qxf6 21.
Ne5 Rae8 22. Nxg6 Kxg6 23. Rcd1 Kf7 24. Qd2 1/2-1/2

[Event "Philadelphia Open"]
[Site "Philadelphia, PA"]
[Date "2011.04.24"]
[Round "9"]
[White "Barnett, Alex"]
[Black "Holt, Conrad"]
[Result "0-1"]
[WhiteElo "2280"]
[BlackElo "2408"]
[PlyCount "114"]
[EventDate "2011.04.??"]
[EventType "swiss"]
[EventRounds "9"]
[EventCountry "USA"]
[Source "MonRoi"]

1. e4 e6 2. d4 d5 3. Nc3 Bb4 4. exd5 exd5 5. Bd3 c6 6. a3 Be7 7. Nf3 Bg4 8. h3
Bh5 9. g4 Bg6 10. Bf4 Nf6 11. Qe2 Nbd7 12. O-O-O Bxd3 13. Rxd3 O-O 14. Re3 Re8
15. Re1 Bf8 16. g5 Rxe3 17. fxe3 Ne4 18. Nxe4 dxe4 19. Nd2 Qe7 20. Qg4 c5 21.
d5 Rd8 22. d6 Qe8 23. Qf5 Qe6 24. Qxe6 fxe6 25. Nxe4 e5 26. Bh2 Kf7 27. Rd1 Ke6
28. h4 Rc8 29. g6 h6 30. h5 Kf5 31. Nd2 Ke6 32. Bg3 Bxd6 33. Bh4 Rf8 34. Ne4
Be7 35. Bxe7 Kxe7 36. Nd6 e4 37. Nxe4 Rf5 38. Rh1 Nf6 39. Ng3 Rf3 40. Rg1 Ke6
41. e4 Ke5 42. b3 Kf4 43. Ne2+ Kxe4 44. Re1 Kf5 45. b4 Rxa3 46. Kb2 Re3 47.
bxc5 Ke5 48. Kc1 Ne4 49. Kd1 a5 50. Rf1 Rxe2 51. Rf7 Rh2 52. Rxb7 Nxc5 53. Rxg7
Rxh5 54. Rc7 Kd4 55. c3+ Kd3 56. Ke1 Rg5 57. g7 Ne6 0-1

[Event "Philadelphia Open"]
[Site "Philadelphia, PA"]
[Date "2011.04.24"]
[Round "9"]
[White "Adu, Oladapo"]
[Black "Shen, Victor"]
[Result "1-0"]
[WhiteElo "2295"]
[BlackElo "2269"]
[PlyCount "93"]
[EventDate "2011.04.??"]
[EventType "swiss"]
[EventRounds "9"]
[EventCountry "USA"]
[Source "MonRoi"]

1. Nf3 Nf6 2. d4 e6 3. Bg5 c5 4. e3 b6 5. Bd3 Bb7 6. Nbd2 Be7 7. c3 cxd4 8.
exd4 d6 9. O-O Nbd7 10. Re1 O-O 11. Nf1 a6 12. a4 Qc7 13. Ng3 Rfe8 14. Qe2 Bf8
15. Nd2 h6 16. Be3 Nd5 17. Nh5 g6 18. Qg4 Kh7 19. Qg3 f5 20. Nf4 Nxf4 21. Bxf4
e5 22. Be3 Bg7 23. dxe5 dxe5 24. f4 Nc5 25. Bc2 Rad8 26. Qf2 exf4 27. Bxf4 Qc6
28. Rxe8 Rxe8 29. h4 Kh8 30. a5 b5 31. Rd1 Ne6 32. Be3 b4 33. Nf3 bxc3 34. b4
Qc4 35. h5 f4 36. Nh4 Nf8 37. Bc5 Re2 38. Qf1 Qe6 39. Bxf8 Rxc2 40. Bxg7+ Kxg7
41. Qxf4 Rd2 42. Rf1 Qe7 43. hxg6 Be4 44. Qe3 Qxb4 45. Qa7+ Bb7 46. Rf7+ Kg8
47. Qb8+ 1-0

[Event "Philadelphia Open"]
[Site "Philadelphia, PA"]
[Date "2011.04.24"]
[Round "9"]
[White "Harmon-Vellotti, Luke"]
[Black "Ludwig, Daniel"]
[Result "0-1"]
[WhiteElo "2128"]
[BlackElo "2450"]
[PlyCount "118"]
[EventDate "2011.04.??"]
[EventType "swiss"]
[EventRounds "9"]
[EventCountry "USA"]
[Source "MonRoi"]

1. e4 c5 2. Nf3 d6 3. d4 cxd4 4. Nxd4 Nf6 5. Nc3 a6 6. Be3 e6 7. f3 b5 8. g4 h6
9. Qd2 b4 10. Nce2 e5 11. Nb3 Nc6 12. Ng3 Be6 13. O-O-O g6 14. Kb1 Qc7 15. g5
hxg5 16. Bxg5 Nd7 17. h4 a5 18. h5 a4 19. Nc1 Nd4 20. Be3 b3 21. cxb3 axb3 22.
Bxd4 exd4 23. a3 Bh6 24. Qg2 Rc8 25. Bd3 Ne5 26. Qf1 Bf4 27. Nge2 Be3 28. Bb5+
Ke7 29. Nxd4 Bxd4 30. Rxd4 Qc2+ 31. Ka1 Rxh5 32. Rd1 Bc4 33. Bxc4 Nxc4 34. Qe2
Nxa3 35. Qxc2 bxc2 36. Rdg1 Rxh1 37. Rxh1 Nc4 38. b3 Nd2 39. Rh3 Nxb3+ 40. Nxb3
c1=Q+ 41. Nxc1 Rxc1+ 42. Kb2 Rc8 43. Kb3 Ke6 44. Rh1 Ke5 45. Rd1 Rc6 46. Rd3 f5
47. exf5 gxf5 48. Kb4 Kf4 49. Kb5 Rc8 50. Kb4 Kg3 51. Kb5 f4 52. Kb4 Kf2 53.
Kb5 Ke2 54. Rxd6 Kxf3 55. Re6 Kf2 56. Kb4 f3 57. Kb3 Kf1 58. Kb2 f2 59. Rg6 Rf8
0-1

[Event "Philadelphia Open"]
[Site "Philadelphia, PA"]
[Date "2011.04.24"]
[Round "9"]
[White "Finney, Stuart"]
[Black "Arnold, Marc"]
[Result "0-1"]
[WhiteElo "2122"]
[BlackElo "2435"]
[PlyCount "64"]
[EventDate "2011.04.??"]
[EventType "swiss"]
[EventRounds "9"]
[EventCountry "USA"]
[Source "MonRoi"]

1. e4 c5 2. Nf3 d6 3. d4 cxd4 4. Nxd4 Nf6 5. Nc3 a6 6. Be3 e6 7. f3 b5 8. Qd2
Bb7 9. g4 Nfd7 10. O-O-O Nb6 11. Bd3 N8d7 12. Qf2 Rc8 13. Nce2 Na4 14. Kb1 Ndc5
15. g5 Qc7 16. Ng3 d5 17. Bc1 g6 18. Rhe1 Bg7 19. f4 dxe4 20. Nxe4 Nxe4 21.
Bxe4 Bxe4 22. Rxe4 O-O 23. Nf3 Rfd8 24. Rde1 Nb6 25. Ne5 Nc4 26. Nxc4 bxc4 27.
c3 Rd3 28. Be3 Bxc3 29. bxc3 Qb7+ 30. Bb6 Rd6 31. Ka1 Rxb6 32. Rd4 Rb8 0-1

[Event "Philadelphia Open"]
[Site "Philadelphia, PA"]
[Date "2011.04.24"]
[Round "9"]
[White "Gu, Christopher"]
[Black "Bonin, Jay"]
[Result "0-1"]
[WhiteElo "2180"]
[BlackElo "2296"]
[PlyCount "138"]
[EventDate "2011.04.??"]
[EventType "swiss"]
[EventRounds "9"]
[EventCountry "USA"]
[Source "MonRoi"]

1. e4 c6 2. d4 d6 3. Nc3 a6 4. a4 d5 5. Nf3 Bg4 6. Be2 e6 7. h3 Bxf3 8. Bxf3
Bb4 9. O-O Nf6 10. Qd3 O-O 11. Bg5 Be7 12. Be3 Nbd7 13. Be2 dxe4 14. Nxe4 Nxe4
15. Qxe4 Nf6 16. Qd3 Qc7 17. c3 Rfd8 18. Qc2 c5 19. Bd3 h6 20. Qe2 Rac8 21. a5
c4 22. Bc2 Rd5 23. f4 Rxa5 24. Rae1 b5 25. f5 e5 26. Bc1 e4 27. Bxe4 b4 28. Bf4
Bd6 29. Bxd6 Qxd6 30. Bc2 bxc3 31. bxc3 Ra3 32. Qd2 Qg3 33. Rf3 Qg5 34. Qxg5
hxg5 35. Re5 Rb8 36. Be4 Rbb3 37. Bd5 Rxc3 38. Bxc4 Rc1+ 39. Bf1 Raa1 40. Rc5
Ne4 41. Rxc1 Rxc1 42. Rd3 a5 43. d5 Nd6 44. Kf2 Ra1 45. Rb3 Kf8 46. Rb6 Ke7 47.
g4 a4 48. Ra6 Ne4+ 49. Ke3 Nd6 50. Bd3 a3 51. Kd2 Rh1 52. Rxa3 Rxh3 53. Ra6 Rg3
54. Ra4 Kf6 55. Be2 Ke5 56. Ra5 Rxg4 57. Bxg4 Nc4+ 58. Kc3 Nxa5 59. Kb4 Nb7 60.
Kb5 Kd6 61. Kc4 Nc5 62. Kd4 Nd7 63. Bh5 f6 64. Bf3 Nb6 65. Bg2 Nc8 66. Bf3 Ne7
67. Be4 g4 68. Kc4 g3 69. Kd4 Nxf5+ 0-1

[Event "Philadelphia Open"]
[Site "Philadelphia, PA"]
[Date "2011.04.24"]
[Round "9"]
[White "Fikiet, Alex"]
[Black "Shen, Arthur"]
[Result "1/2-1/2"]
[WhiteElo "2233"]
[BlackElo "2132"]
[PlyCount "57"]
[EventDate "2011.04.??"]
[EventType "swiss"]
[EventRounds "9"]
[EventCountry "USA"]
[Source "MonRoi"]

1. d4 d5 2. c4 c6 3. Nf3 Nf6 4. Nc3 e6 5. Bg5 h6 6. Bh4 g5 7. Bg3 dxc4 8. e4 b5
9. e5 Nd5 10. Be2 Nxc3 11. bxc3 Nd7 12. O-O Nb6 13. Nd2 Bb7 14. Ne4 Nd5 15. Bh5
Qd7 16. f4 g4 17. Bh4 Rg8 18. Qe2 Be7 19. Bxe7 Kxe7 20. Qf2 Kd8 21. Nd6 Kc7 22.
f5 Rg7 23. Qd2 Rh8 24. a4 a6 25. Bxf7 Rxf7 26. fxe6 Rxf1+ 27. Rxf1 Qxe6 28.
Rf7+ Ne7 29. Qf4 1/2-1/2

[Event "Philadelphia Open"]
[Site "Philadelphia, PA"]
[Date "2011.04.24"]
[Round "9"]
[White "Kiewra, Keaton"]
[Black "Hua, David"]
[Result "1-0"]
[WhiteElo "2380"]
[BlackElo "2013"]
[PlyCount "61"]
[EventDate "2011.04.??"]
[EventType "swiss"]
[EventRounds "9"]
[EventCountry "USA"]
[Source "MonRoi"]

1. d4 Nf6 2. c4 e6 3. Nc3 Bb4 4. Qc2 O-O 5. a3 Bxc3+ 6. Qxc3 Ne4 7. Qc2 f5 8.
g3 b6 9. Bg2 Bb7 10. Nf3 Nf6 11. O-O Qe7 12. b4 d6 13. Bb2 Nbd7 14. d5 e5 15.
Qxf5 b5 16. Qe6+ Qxe6 17. dxe6 Nb6 18. cxb5 Rfe8 19. Rfc1 Na4 20. Rxc7 Bd5 21.
Bc1 Bxe6 22. Be3 Nd5 23. Rxa7 Nxe3 24. Rxa8 Rxa8 25. fxe3 Rb8 26. Ng5 Bc4 27.
Rc1 d5 28. e4 h6 29. exd5 Bxe2 30. Ne6 Bxb5 31. Rc7 1-0

[Event "Philadelphia Open"]
[Site "Philadelphia, PA"]
[Date "2011.04.24"]
[Round "9"]
[White "Kats, Alena"]
[Black "Klings, Peter"]
[Result "1/2-1/2"]
[WhiteElo "2085"]
[BlackElo "2164"]
[PlyCount "116"]
[EventDate "2011.04.??"]
[EventType "swiss"]
[EventRounds "9"]
[EventCountry "USA"]
[Source "MonRoi"]

1. e4 g6 2. d4 Bg7 3. Nc3 d6 4. Be3 a6 5. a4 Nf6 6. f3 Nbd7 7. Bc4 O-O 8. Nge2
b6 9. Qd2 c5 10. O-O cxd4 11. Nxd4 Bb7 12. Qf2 Qc7 13. Ba2 Rac8 14. g4 Nc5 15.
g5 Nfd7 16. b4 e5 17. Ndb5 axb5 18. bxc5 Nxc5 19. Nxb5 Qe7 20. Rfd1 Rfd8 21.
Bd5 Bxd5 22. Rxd5 Rc6 23. Qd2 Ne6 24. Rd1 Bf8 25. h4 h6 26. Kf2 hxg5 27. hxg5
Qb7 28. Kg3 Qa8 29. Ra1 Be7 30. a5 bxa5 31. Rxa5 Qb8 32. Na7 Rc7 33. Rdb5 Qa8
34. Bb6 Bxg5 35. Qd1 Rcd7 36. Qd5 Bf4+ 37. Kf2 Qxd5 38. exd5 Nc7 39. Rb1 Rf8
40. Nc6 Ne8 41. Bd8 Ng7 42. Rb8 Nh5 43. Raa8 Kh7 44. Na5 f5 45. Nc6 Bh6 46. c4
g5 47. Bxg5 Rxb8 48. Nxb8 Rb7 49. Bxh6 Kxh6 50. Nc6 Rb2+ 51. Ke1 Kg5 52. Nd8
Kf4 53. Ra3 e4 54. Ne6+ Ke5 55. fxe4 Kxe4 56. Rh3 Nf6 57. Rc3 Ke5 58. Rf3 Ne4
1/2-1/2

[Event "Philadelphia Open"]
[Site "Philadelphia, PA"]
[Date "2011.04.24"]
[Round "9"]
[White "Tom, George"]
[Black "Leve, Nitai"]
[Result "1-0"]
[WhiteElo "2087"]
[BlackElo "2156"]
[PlyCount "59"]
[EventDate "2011.04.??"]
[EventType "swiss"]
[EventRounds "9"]
[EventCountry "USA"]
[Source "MonRoi"]

1. c4 e6 2. Nf3 f5 3. Nc3 Nf6 4. g3 d5 5. b3 d4 6. Nb5 e5 7. Nxe5 c6 8. a4 cxb5
9. axb5 Bd6 10. Nf3 d3 11. e3 b6 12. Bg2 Bb7 13. O-O O-O 14. Nd4 Ne4 15. Ne6
Qf6 16. Nxf8 Qxa1 17. Nxh7 Nd7 18. Qh5 Ndf6 19. Qxf5 Qe5 20. Nxf6+ gxf6 21.
Qg6+ Kh8 22. f4 Qe7 23. Bb2 Rf8 24. g4 Nxd2 25. Bxb7 Nxf1 26. Qh6+ Qh7 27.
Bxf6+ Rxf6 28. Qxf6+ Qg7 29. Qxg7+ Kxg7 30. Kxf1 1-0